Documentos inéditos relativos a Hernán Cortés y su familia /

Reproducción de documentos del archivo de la familia de Hernán Cortés, correspondientes a los años transcurridos desde 1525 hasta 1589, cuando Martín Cortés -hijo del conquistador- fallece.

Guardat en:
Dades bibliogràfiques
Altres autors: López, Rafael (presentación) (presentación)
Format: Llibre
Idioma:espanyol
Col·lecció:(Publicaciones del Archivo General de la Nación ; 27)
Matèries:
Etiquetes: Afegir etiqueta
Sense etiquetes, Sigues el primer a etiquetar aquest registre!

MARC

LEADER 00000nam^a2200000^a^4500
001 000100234
005 20250521000000.0
009 20260310093156.622
037 |a Acervo ITESO - Biblioteca 
041 |a ESP 
082 |a 972. 023  |b DOC 
245 1 0 |a Documentos inéditos relativos a Hernán Cortés y su familia /  |c Presen. de R. López. 
264 |a México :  |b Archivo General de la Nación,  |c 1935 
300 |a 465 p. 
336 |a texto  |b txt  |2 rdacontenido 
337 |a sin mediación  |b n  |2 rdamedio 
338 |a volumen  |b nc  |2 rdasoporte 
440 1 |a (Publicaciones del Archivo General de la Nación ;  |v 27) 
520 |a Reproducción de documentos del archivo de la familia de Hernán Cortés, correspondientes a los años transcurridos desde 1525 hasta 1589, cuando Martín Cortés -hijo del conquistador- fallece. 
649 |a XX 
650 |a Conquistadores Españoles 
650 |a Gobernadores Coloniales en México 
650 |a Políticos Españoles 
650 |a Militares Españoles 
650 |a Exploradores y Viajeros Españoles 
650 |a Familia -  |z España 
650 |a México -  |x Historia -  |x Documentos 
650 |a México -  |x Historia -  |y Siglo XVI 
650 |a México -  |x Historia -  |y Gobernadores y Audiencia, 1521-1535 
650 |a México -  |x Historia -  |y Virreinato, 1535-1821 
650 |a México -  |x Historia -  |y Epoca Colonial, 1517-1821 
650 |a Cortés, Hernán 
650 |a Cortés, Martín, Marqués del Valle de Oaxaca 
700 |a López, Rafael  |e (presentación) 
910 |a Fondo Jesús Rodríguez 
920 |a Impresos - Libros 
930 |a Fondos Especiales 
905 |a 113 
901 |a 0500036257  |b IT2  |c ESP  |u 20250521 
902 |a https://opac.biblio.iteso.mx/vufind/Record/000100234